[Event "Benasque op 17th"]
[Site "Benasque"]
[Date "1997.??.??"]
[Round "2"]
[White "Ubilava, Elizbar"]
[Black "Timon Piote, Silvia"]
[Result "1-0"]
[WhiteElo "2530"]
[BlackElo "2160"]
[PlyCount "89"]
[EventDate "1997.07.??"]
[EventType "swiss"]
[EventRounds "9"]
[EventCountry "ESP"]
[SourceTitle "EXT 1998"]
[Source "ChessBase"]
[SourceDate "1997.11.17"]
[SourceVersion "1"]
[SourceVersionDate "1997.11.17"]
[SourceQuality "1"]

1. d4 Nf6 2. Nf3 c5 3. g3 cxd4 4. Nxd4 e5 5. Nb3 d5 6. Bg2 Be7 7. 0-0 0-0 8. Bg5 Be6 9. Nc3 Nbd7 10. e3 h6 11. Bxf6 Nxf6 12. Qd2 a5 13. Nc1 Qc7 14. Nxd5 Bxd5 15. Bxd5 Rfd8 16. c4 Qxc4 17. Bxc4 Rxd2 18. Nd3 e4 19. Ne5 Rxb2 20. Bxf7+ Kf8 21. a4 Rd2 22. Rac1 Nd7 23. Nc4 Ra2 24. Nb6 Nxb6 25. Bxa2 Nxa4 26. f3 exf3 27. Rxf3+ Bf6 28. Bd5 Nb2 29. Rb1 Nd3 30. Rxb7 Rc8 31. Rf1 a4 32. Ra7 Nb2 33. Kg2 Ke8 34. Kh3 Rc3 35. e4 a3 36. Kg4 Nd3 37. Kf5 Nb4 38. Ke6 Kd8 39. Rb1 Nc6 40. Bxc6 Rxc6+ 41. Kd5 Rc7 42. Ra8+ Ke7 43. e5 Bg5 44. Rxa3 Rd7+ 45. Ke4 1-0